Vista normal
Vista MARC
Entrada Topical Term
Número de registros utilizados en: 3
001 - CONTROL NUMBER
- control field: 62260
003 - CONTROL NUMBER IDENTIFIER
- control field: OSt
005 - DATE AND TIME OF LATEST TRANSACTION
- control field: 20250814192706.0
008 - FIXED-LENGTH DATA ELEMENTS
- fixed length control field: 250814|| aca||aabn | a|a d
040 ## - CATALOGING SOURCE
- Original cataloging agency: OSt
- Transcribing agency: OSt
150 ## - HEADING--TOPICAL TERM
- Topical term or geographic name entry element: Educacion Fisica
670 ## - SOURCE DATA FOUND
- Source citation: Work cat.: (OSt)58025: Bermúdez Ortiz, Julio César aut 62258, Juegos didácticos para la clase de educación física :